|
|
|
|
| LEADER |
01327nam a2200289 4500 |
| 001 |
0023797 |
| 003 |
BD-DhAAL |
| 008 |
111123s2004 bg w 000 0 mul d |
| 040 |
|
|
|a BD-DhAAL
|c BD-DhAAL
|
| 082 |
0 |
0 |
|a 348.5492046
|2 22
|
| 245 |
0 |
4 |
|a The Mainstream Law Reports.
|n Volume IX /
|c editor, Khondaker Md. Abu Bakar.
|
| 246 |
1 |
7 |
|a MLR
|
| 260 |
|
|
|a Dhaka :
|b Shahanaj Khondaker,
|c 2004.
|
| 300 |
|
|
|a Various pagings ;
|c 24 cm
|
| 362 |
0 |
|
|a Vol. 9 (2004)
|
| 500 |
|
|
|a Regd. DA-NO 50/95, Vol-IX
|
| 500 |
|
|
|a Citation :9 MLR (AD)(HC)
|
| 500 |
|
|
|a a monthly legal journal
|
| 541 |
|
|
|e 00023797
|
| 650 |
|
0 |
|a Law reports, digests, etc.
|z Bangladesh.
|
| 700 |
1 |
|
|a Abu Bakar, Khondaker Muhammad.
|9 59442
|
| 852 |
1 |
|
|a Ayesha Abed Library
|
| 942 |
|
|
|2 ddc
|c 1HOUR
|
| 999 |
|
|
|c 11494
|d 11494
|
| 952 |
|
|
|0 0
|1 0
|2 ddc
|4 0
|6 348_549200000000000_046_MAI
|7 0
|9 18659
|a BRACUL
|b BRACUL
|c REF
|d 2011-11-23
|g 500.00
|l 6
|o 348.5492046 MAI
|p 3010023797
|r 2018-05-28
|s 2017-11-19
|t 1
|w 2011-11-23
|y RSV
|
| 952 |
|
|
|0 0
|1 0
|2 ddc
|4 0
|6 348_549200000000000_046_MAI
|7 0
|9 18660
|a BRACUL
|b BRACUL
|c REF
|d 2011-11-23
|g 500.00
|l 4
|o 348.5492046 MAI
|p 3010023798
|r 2017-03-16
|s 2017-03-16
|t 2
|w 2011-11-23
|y RSV
|
| 952 |
|
|
|0 0
|1 0
|2 ddc
|4 0
|6 348_549200000000000_046_MAI
|7 0
|9 19889
|a BRACUL
|b BRACUL
|c REF
|d 2012-04-04
|g 500.00
|l 2
|o 348.5492046 MAI
|p 3010024868
|r 2017-03-12
|s 2017-03-12
|t 3
|w 2012-04-04
|y RSV
|